000 00735nam a22001937a 4500
003 OSt
005 20240605090449.0
008 240605b ||||| |||| 00| 0 eng d
040 _cAIMIT LIBRARY
100 _aP V Sharon.
_e2016123
_9169270
245 _aStudy on financial performance with special reference to Baraka overseas traders Mangalore /
_cBy Sharon P V ; Guided by Justine P James.
260 _aUllal ;
_c2022.
650 _aIndustry profile organization profile and introduction to study
_9169271
650 _aData analysis and interpretation
_9169272
650 _aFindings suggestions and conclusions
_9169273
700 _aJames, Justine P.
_eGuide
_9169274
856 _3Baraka Overseas traders
942 _2ddc
_cPRO
999 _c231037
_d231037